| 000 | 00448nam a2200157Ia 4500 | ||
|---|---|---|---|
| 008 | 210716s1986 xx 000 0 und d | ||
| 020 | _a876925956 | ||
| 041 | _aeng | ||
| 082 | _a005.2 NORP | ||
| 100 | _aNorton, Peter; Socha, John. | ||
| 245 | _aPeter nortons assembly language book for the ibm pc. | ||
| 250 | _a1 | ||
| 260 |
_aNew Delhi _bPrentice Hall of India PVt Ltd _c1986 |
||
| 300 | _axv,413 | ||
| 650 | _aProgramming Languages(005.13) | ||
| 999 |
_c181444 _d181444 |
||